000 00913nam a2200253Ia 4500
999 _c64315
_d64315
003 GCL
005 20240530110725.0
008 140319s9999 xx 000 0 ara d
020 _a6037345977
040 _aGCL /
_cGCL
082 0 4 _a005.74
_bك أ
245 1 0 _aاوراكل ديفلوبر النماذج والتقارير المتقدمة
260 _aالقاهرة :
_bدار الفاروق للنشر والتوزيع ،
_c2001
300 _a896 ص ؛
_c25 سم
490 _aسلسلة المساحة الهندسية
_v0
650 0 4 _aنظم المعلومات
650 0 4 _aاختزان واسترجاع المعلومات
650 0 4 _aاوراكل
650 0 4 _aالبيانات (حاسبات الكترونية)
650 0 4 _aالبيانات - بناء - (حاسبات الكترونية)
700 1 _aكوليتزبك، بيتر
700 1 _aدورسى، بول
942 _2ddc
_cBK